000 nam a22 7a 4500
999 _c38583
_d38583
005 20170606121931.0
008 170606b xxu||||| |||| 00| 0 eng d
040 _aANE
041 _aEs
082 _a863 S182
110 _aSalvat S.A
245 _aAntologia
260 _aNavarra
_bSalvat S.A
_c1971
300 _a173 p.
500 _aÍndice
942 _2ddc
_cBK
_zNr.